000 00518nam a2200181 i 4500
001 123724
003 ES-MaACL
005 20250716063301.0
007 t|
008 070214s1904 sp |||| | cat d
100 0 _aRamón Llull,
_cBeato,
_dca. 1232-1316?
_995219
245 1 0 _aLibre de amich & amat /
_cdel B. Mestre Ramón Llull.
260 _aBarcelona :
_bCatalunya,
_c1904.
300 _a315 p. ;
_c17 cm.
650 _aMisticismo.
_915086
852 _aES-MaACL
_jC-20287
999 _c123724
_d123724